| 000 | 01033nam a22003138i 4500 | ||
|---|---|---|---|
| 001 | 016200312 | ||
| 003 | EG-ScBUE | ||
| 005 | 20260311101150.0 | ||
| 008 | 121026t2013 si a f b 001 0 eng d | ||
| 020 | _a9789814364713 (hbk.) | ||
| 040 |
_aEG-ScBUE _beng _erda _cEG-ScBUE _dEG-ScBUE |
||
| 082 | 0 | 4 |
_a571.455 _bKIN _222 |
| 100 | 1 |
_aKinoshita, Shūichi, _d1949- _eauthor. |
|
| 245 | 1 | 0 |
_aBionanophotonics : _ban introductory textbook / _cShuichi Kinoshita. |
| 264 | 1 |
_aSingapore : _bPan Stanford Publishing, _c[2013] |
|
| 264 | 4 | _cc2013 | |
| 300 |
_axiii, 497 pages : _billustrations (some color) ; _c23 cm |
||
| 336 |
_2rdacontent _atext _btxt |
||
| 337 |
_aunmediated _2rdamedia _bn |
||
| 338 |
_avolume _bnc _2rdacarrier |
||
| 500 | _aIncludes appendix. | ||
| 504 | _aIncludes bibliographical references and index. | ||
| 650 | 7 |
_aPhotobiology. _2BUEsh |
|
| 650 | 7 |
_aNanophotonics. _931405 _2BUEsh |
|
| 650 | 7 |
_aStructural colors. _2BUEsh |
|
| 653 |
_bENGGEN _cMarch2015 |
||
| 655 |
_vReading book _934232 |
||
| 942 |
_2ddc _cBB |
||
| 999 |
_c19033 _d19005 |
||